Las damas de la China: historias de la China clásica

Bewaard in:
Bibliografische gegevens
Hoofdauteurs: Te-Chen Wang, Elizabeth (Auteur), Carreno, Virginia (Auteur)
Formaat: Boek
Taal:Spaans
Gepubliceerd in: Buenos Aires Editorial Goyanarte 1963
Editie:1a. ed
Onderwerpen:
Tags: Voeg label toe
Geen labels, Wees de eerste die dit record labelt!

MARC

LEADER 00000cam a2200000 a 4500
001 UCE3083
003 CL-VaPUC
008 140814e19630000ag |||||||||||||||||spa|d
082 0 4 |a 895.3  |b TEC  |2 21 
100 0 |a Te-Chen Wang, Elizabeth  |e author  |9 575592 
700 0 |a Carreno, Virginia  |e author  |9 575593 
245 1 4 |a Las damas de la China: historias de la China clásica 
250 |a 1a. ed 
300 |a 140 p 
942 |c BK 
945 |d 20140814 14:58:00  |a arojas 
260 |a Buenos Aires  |b Editorial Goyanarte  |c 1963 
650 7 |a CUENTOS CHINOS  |2 CL-VaPUC  |9 311186 
650 7 |a LITERATURA CHINA  |2 CL-VaPUC  |9 352595 
583 |a last modification  |c 20140814 14:58:00  |k Rodrigo Vera 
999 |c 356532  |d 356530 
952 |0 0  |1 0  |3 erb  |4 0  |6 895_300000000000000_TEC_1963  |7 0  |8 A  |9 463979  |a BIBEDU  |b BIBEDU  |i 5007062  |o 895.3 TEC 1963  |p 5007062  |r 2019-11-23  |w 2019-11-23  |y BK  |z Catalogado en:20140814  |k LIT